The effects of effective cause (Record no. 66228)

MARC details
000 -LEADER
fixed length control field 01059cam a2200229 4500
001 - CONTROL NUMBER
control field X111175
008 - FIXED-LENGTH DATA ELEMENTS--GENERAL INFORMATION
fixed length control field 000000n2001 000 0 eng u
035 ## - SYSTEM CONTROL NUMBER
System control number (Sirsi) u111175
100 ## - MAIN ENTRY--PERSONAL NAME
Personal name Murdoch, J.
245 #4 - TITLE STATEMENT
Title The effects of effective cause
260 ## - PUBLICATION, DISTRIBUTION, ETC.
Date of publication, distribution, etc. 2001
490 ## - SERIES STATEMENT
Series statement Estates Gazette
Volume/sequential designation (0108) 24 February 2001, 158-159(2)
520 ## - SUMMARY, ETC.
Summary, etc. Some agents have been critical of the decision in "Lady Manor Ltd v Fat Cat Cafe Bars" (West London County Court, Abs64439) and the endorsement of its outcome by John Murdoch This article reasserts the author's position, and outlines the facts of the case, in which it was judged an agent must be the effective cause of the sale of a property to secure introductory fees (see also "Estates Gazette" (0049) 9 December 2000, 117(1)).
590 ## - LOCAL NOTE (RLIN)
Local note ABS
650 ## - SUBJECT ADDED ENTRY--TOPICAL TERM
Topical term or geographic name entry element LADY MANOR LTD V FAT CAT CAFE BARS
650 ## - SUBJECT ADDED ENTRY--TOPICAL TERM
Topical term or geographic name entry element ESTATE AGENTS' COMMISSION
650 ## - SUBJECT ADDED ENTRY--TOPICAL TERM
Topical term or geographic name entry element INTRODUCTORY FEES
650 ## - SUBJECT ADDED ENTRY--TOPICAL TERM
Topical term or geographic name entry element EFFECTIVE CAUSE
650 ## - SUBJECT ADDED ENTRY--TOPICAL TERM
Topical term or geographic name entry element EGAN LAWSON LTD V STANDARD LIFE ASSURANCE CO
690 ## - LOCAL SUBJECT ADDED ENTRY--TOPICAL TERM (OCLC, RLIN)
Topical term or geographic name as entry element PROPERTY
942 ## - ADDED ENTRY ELEMENTS (KOHA)
Suppress in OPAC 0
Holdings
Withdrawn status Lost status Source of classification or shelving scheme Damaged status Not for loan Home library Current library Shelving location Date acquired Total Checkouts Full call number Barcode Date last seen Copy number Price effective from Koha item type
    Dewey Decimal Classification     London London Journal article 06/03/2001   X111175 111175-1001 06/08/2019 1 06/08/2019 Journal article